Đông Nam Á : Chặng đường dài phía trước Lim Chong Yah.

Enregistré dans:
Détails bibliographiques
Auteur principal: Lim Chong Yah
Format: Livre
Publié: Thế giới 2002
Tags: Ajouter un tag
Pas de tags, Soyez le premier à ajouter un tag!
Thư viện lưu trữ: Mạng thư viện Đại học Đà Nẵng
LEADER 00562nam a2200229 a 4500
001 000029337
003 13881
005 20171030145630.0
008 171030s2002
020 |c 60000 
040 |a LTT 
082 0 |a 330.96  |b LI-Y 
100 1 |a Lim Chong Yah 
245 0 0 |a Đông Nam Á : Chặng đường dài phía trước Lim Chong Yah. 
260 |b Thế giới  |c 2002 
OWN |a LTT 
999 |a From the UDN01 
TYP |a Monograph 
TYP |a Printed language 
980 |a Mạng thư viện Đại học Đà Nẵng